Normal view
MARC view
- المعلومات-اقتصاد-ادارة
Entry Topical Term
001 - CONTROL NUMBER
- control field: 38939
003 - CONTROL NUMBER IDENTIFIER
- control field: JO-AjAnu
005 - DATE AND TIME OF LATEST TRANSACTION
- control field: 20230606080500.0
008 - FIXED-LENGTH DATA ELEMENTS
- fixed length control field: 230606|| aca||aabn | a|a d
040 ## - CATALOGING SOURCE
- Original cataloging agency: JO-AjAnu
- Transcribing agency: JO-AjAnu
150 ## - HEADING--TOPICAL TERM
- Topical term or geographic name entry element: المعلومات-اقتصاد-ادارة
670 ## - SOURCE DATA FOUND
- Source citation: Work cat.: (JO-AjAnu)19971: عبدالفتاح، قبيس سعيد، عبدالعزيز مصطفى عبدالكريم، طاهر جاسم التميمي, author 38938, مدخل في نظم المعلومات الادارية والاقتصادية=Introduction to Information Systems for Economics and Administration